Composing mobile apps : Learn explore apply using android (Record no. 11484)
[ view plain ]
| 000 -LEADER | |
|---|---|
| fixed length control field | 00407nam a22001577a 4500 |
| 003 - CONTROL NUMBER IDENTIFIER | |
| control field | OSt |
| 008 - FIXED-LENGTH DATA ELEMENTS--GENERAL INFORMATION | |
| fixed length control field | 220826b ||||| |||| 00| 0 eng d |
| 020 ## - INTERNATIONAL STANDARD BOOK NUMBER | |
| International Standard Book Number | 9788126546602 |
| 082 ## - DEWEY DECIMAL CLASSIFICATION NUMBER | |
| Classification number | 005.268 PRC |
| 100 ## - MAIN ENTRY--PERSONAL NAME | |
| Personal name | PRADHAN,Anubhav |
| 245 ## - TITLE STATEMENT | |
| Title | Composing mobile apps : Learn explore apply using android |
| 260 ## - PUBLICATION, DISTRIBUTION, ETC. (IMPRINT) | |
| Place of publication, distribution, etc | New Delhi |
| Name of publisher, distributor, etc | Wiley |
| Date of publication, distribution, etc | 2014 |
| 300 ## - PHYSICAL DESCRIPTION | |
| Extent | 266 |
| 700 ## - ADDED ENTRY--PERSONAL NAME | |
| Personal name | DESHPANDE,Anil V |
| 942 ## - ADDED ENTRY ELEMENTS (KOHA) | |
| Source of classification or shelving scheme | Dewey Decimal Classification |
| Koha item type | Text Books |
| 942 ## - ADDED ENTRY ELEMENTS (KOHA) | |
| -- | 1 |
| Withdrawn status | Lost status | Source of classification or shelving scheme | Damaged status | Not for loan | Collection code | Home library | Current library | Date acquired | Source of acquisition | Currency | Cost, normal purchase price | Bill Number | Total Checkouts | Full call number | Acc. no. / Barcode | Date last seen | Actual Cost, discounted price | Bill Date | Koha item type | Date last borrowed |
|---|---|---|---|---|---|---|---|---|---|---|---|---|---|---|---|---|---|---|---|---|
| Dewey Decimal Classification | B.Tech(IT) | PIET C-LIBRARY | PIET C-LIBRARY | 26/08/2022 | Kirti Prakashan | Indian Rup | 769.00 | IN810 | 005.268 PRC | 33803 | 26/08/2022 | 530.61 | 24/08/2022 | Text Books | ||||||
| Dewey Decimal Classification | B.Tech(IT) | PIET C-LIBRARY | PIET C-LIBRARY | 26/08/2022 | Kirti Prakashan | Indian Rup | 769.00 | IN810 | 005.268 PRC | 33804 | 26/08/2022 | 530.61 | 24/08/2022 | Text Books | ||||||
| Dewey Decimal Classification | Computer Science and Engineering in AI & Machine Learning | PIET C-LIBRARY | PIET C-LIBRARY | 26/08/2022 | Kirti Prakashan | Indian Rup | 769.00 | IN810 | 005.268 PRC | 33805 | 26/08/2022 | 530.61 | 24/08/2022 | Text Books | ||||||
| Dewey Decimal Classification | Computer Science and Engineering in AI & Machine Learning | PIET C-LIBRARY | PIET C-LIBRARY | 26/08/2022 | Kirti Prakashan | Indian Rup | 769.00 | IN810 | 005.268 PRC | 33806 | 26/08/2022 | 530.61 | 24/08/2022 | Text Books | ||||||
| Dewey Decimal Classification | Computer Science and Engineering in AI & Machine Learning | PIET C-LIBRARY | PIET C-LIBRARY | 26/08/2022 | Kirti Prakashan | Indian Rup | 769.00 | IN810 | 005.268 PRC | 33807 | 26/08/2022 | 530.61 | 24/08/2022 | Text Books | ||||||
| Dewey Decimal Classification | Computer Science and Engineering in AI & Machine Learning | PIET C-LIBRARY | PIET C-LIBRARY | 26/08/2022 | Kirti Prakashan | Indian Rup | 769.00 | IN810 | 005.268 PRC | 33808 | 26/08/2022 | 530.61 | 24/08/2022 | Text Books | ||||||
| Dewey Decimal Classification | Computer Science and Engineering in AI & Machine Learning | PIET C-LIBRARY | PIET C-LIBRARY | 26/08/2022 | Kirti Prakashan | Indian Rup | 769.00 | IN810 | 005.268 PRC | 33809 | 26/08/2022 | 530.61 | 24/08/2022 | Text Books | ||||||
| Dewey Decimal Classification | Computer Science and Engineering in AI & Machine Learning | PIET C-LIBRARY | PIET C-LIBRARY | 26/08/2022 | Kirti Prakashan | Indian Rup | 769.00 | IN810 | 1 | 005.268 PRC | 33810 | 14/10/2024 | 530.61 | 24/08/2022 | Text Books | 23/09/2024 | ||||
| Dewey Decimal Classification | Computer Science and Engineering in AI & Machine Learning | PIET C-LIBRARY | PIET C-LIBRARY | 26/08/2022 | Kirti Prakashan | Indian Rup | 769.00 | IN810 | 005.268 PRC | 33811 | 26/08/2022 | 530.61 | 24/08/2022 | Text Books | ||||||
| Dewey Decimal Classification | Computer Science and Engineering in AI & Machine Learning | PIET C-LIBRARY | PIET C-LIBRARY | 26/08/2022 | Kirti Prakashan | Indian Rup | 769.00 | IN810 | 1 | 005.268 PRC | 33812 | 20/09/2022 | 530.61 | 24/08/2022 | Text Books | 09/09/2022 | ||||
| Dewey Decimal Classification | Computer Science and Engineering in AI & Machine Learning | PIET C-LIBRARY | PIET C-LIBRARY | 31/03/2024 | Zafaa Books and Distributors | In rupees | 819.00 | ZBD0489 | 005.268 PRC | 36988 | 15/04/2024 | 593.75 | 31/03/2024 | Text Books |